Vista normal
Vista MARC
Entrada Personal Name
Número de registros utilizados en: 1
001 - CONTROL NUMBER
- control field: 7895
003 - CONTROL NUMBER IDENTIFIER
- control field: OSt
005 - DATE AND TIME OF LATEST TRANSACTION
- control field: 20200727150742.0
008 - FIXED-LENGTH DATA ELEMENTS
- fixed length control field: 200727|| aca||aabn | a|a d
040 ## - CATALOGING SOURCE
- Original cataloging agency: OSt
- Transcribing agency: OSt
100 ## - HEADING--PERSONAL NAME
- Personal name: Herrero, Vicente
670 ## - SOURCE DATA FOUND
- Source citation: Work cat.: (OSt)3638: Veblen, Thorstein, autor 5587, Teoría de la clase ociosa / , 1963